The Great Challenge / (Record no. 64141)

MARC details
000 -LEADER
fixed length control field 00440nam a22001577a 4500
005 - DATE AND TIME OF LATEST TRANSACTION
control field 20181108133546.0
010 ## - LCCN (DPL NO)
LC control number B-182709
020 ## - INTERNATIONAL STANDARD BOOK NUMBER
International Standard Book Number 8171824382
Terms of availability 300.00
035 ## - SYSTEM CONTROL NUMBER
System control number B-182706, B-182705, A-612918, B-182708, B-182709
037 ## - SOURCE OF ACQUISITION
Stock number DPL
Source of stock number/acquisition ENG
100 ## - MAIN ENTRY--PERSONAL NAME
Personal name Osho
245 ## - TITLE STATEMENT
Title The Great Challenge /
Statement of responsibility, etc by Osho
260 ## - PUBLICATION, DISTRIBUTION, ETC. (IMPRINT)
Place of publication, distribution, etc New Delhi
Name of publisher, distributor, etc Diamond Books
Date of publication, distribution, etc 2004
300 ## - PHYSICAL DESCRIPTION
Extent 209p.
Dimensions 20 cms.
942 ## - ADDED ENTRY ELEMENTS (KOHA)
Source of classification or shelving scheme Dewey Decimal Classification
Item type English Books
Classification part 181.499
Call number suffix OSH
Holdings
Withdrawn status Lost status Not for loan Collection code Home library Current library Date acquired Cost, normal purchase price Full call number Barcode Cost, replacement price Koha item type Source of acquisition
      Non-fiction Patel Nagar Patel Nagar 06/08/2018 300.00 181.499 OSH B-182705 300.00 English Books BPPD/PUB
      Non-fiction Sarojini Nagar Sarojini Nagar 19/03/2012 300.00 181.499 OSH B-182706 300.00 English Books  
      Non-fiction Shahdara Branch Shahdara Branch 08/08/2018 0.00 181.499 OSH A-612918 0.00 English Books BPPD/PUB
      Non-fiction Shahdara Branch Shahdara Branch 13/08/2018 300.00 181.499 OSH B-182708 300.00 English Books BPPD/PUB
      Non-fiction Yojana Vihar Yojana Vihar 08/11/2018 300.00 181.499 OSH B-182709 300.00 English Books BPPD/PUB

© Delhi Public Library
Hit Counter
free hit counter